A part of the action : a consideration of the valuation issues relating to acquisitions and disposal of jointly held chattels in the context of Capital Gains Tax (Record no. 74091)

MARC details
000 -LEADER
fixed length control field 00795cab a2200217 4500
001 - CONTROL NUMBER
control field ABS67468
008 - FIXED-LENGTH DATA ELEMENTS--GENERAL INFORMATION
fixed length control field 040130n2003 000 0 eng u
035 ## - SYSTEM CONTROL NUMBER
System control number (Sirsi) u124971
245 #2 - TITLE STATEMENT
Title A part of the action : a consideration of the valuation issues relating to acquisitions and disposal of jointly held chattels in the context of Capital Gains Tax
260 ## - PUBLICATION, DISTRIBUTION, ETC.
Date of publication, distribution, etc. 2003
490 ## - SERIES STATEMENT
Series statement Christie's Bulletin for Professional Advisers
Volume/sequential designation Winter 2003, 6-10(5)
520 ## - SUMMARY, ETC.
Summary, etc. Highlights valuation issues relating to acquisitions and disposal of jointly held chattels in the context of Capital Gains Tax.
590 ## - LOCAL NOTE (RLIN)
Local note ABS
650 ## - SUBJECT ADDED ENTRY--TOPICAL TERM
Topical term or geographic name entry element CHATTELS
650 ## - SUBJECT ADDED ENTRY--TOPICAL TERM
Topical term or geographic name entry element Valuation
9 (RLIN) 6273
650 ## - SUBJECT ADDED ENTRY--TOPICAL TERM
Topical term or geographic name entry element CAPITAL GAINS TAX
650 ## - SUBJECT ADDED ENTRY--TOPICAL TERM
Topical term or geographic name entry element DISPOSAL
650 ## - SUBJECT ADDED ENTRY--TOPICAL TERM
Topical term or geographic name entry element ACQUISITION
690 ## - LOCAL SUBJECT ADDED ENTRY--TOPICAL TERM (OCLC, RLIN)
Topical term or geographic name as entry element TAXATION
942 ## - ADDED ENTRY ELEMENTS (KOHA)
Suppress in OPAC 0
Holdings
Withdrawn status Lost status Source of classification or shelving scheme Damaged status Not for loan Home library Current library Shelving location Date acquired Total Checkouts Full call number Barcode Date last seen Copy number Price effective from Koha item type
    Dewey Decimal Classification     London London Journal article 30/01/2004   ABS67468 124971-1001 06/08/2019 1 06/08/2019 Journal article